000 00907cam a2200229 4500
001 WB3705-30
008 000000n2001 000 0 eng u
035 _a(Sirsi) u110662
245 _aStately home beats ban on rural building
260 _c2001
490 _aDaily Telegraph
_v30 January 2001, 11(1)
520 _aA £3m country house has become the second design to pass strict rural planning conditions, and will be built on a farm at Ashley, in Hampshire. It was designed by classical architect Robert Adam. The planning proposals were passed by a government planning inspector after a public inquiry.
590 _aWB
650 _aRURAL BUILDINGS
650 _aARCHITECTURE
650 _aLANDSCAPE DESIGN
650 _aGREENFIELD LAND
650 _aPLANNING POLICY
650 _aCOUNTRY HOUSES
690 _aENVIRONMENTAL AND LAND CONSULTANCY-PLANNING AND DEVELOPMENT
942 _n0
999 _c65943
_d65943